Music Quiz

Random Music Quiz

The XX - Angels Lyrics Quiz Stats

Quiz not verified by Sporcle

Challenge
Share
Tweet
Embed
Score 0/161 Timer 10:00
0 Plays Today
% Correct
your
87.5%
I
87.5%
You
87.5%
the
87.5%
be
87.5%
as
87.5%
in
87.5%
love
87.5%
with
87.5%
you
87.5%
as
87.5%
I
87.5%
am
87.5%
be
87.5%
as
87.5%
in
87.5%
love
87.5%
with
87.5%
you
87.5%
as
87.5%
I
87.5%
am
87.5%
be
87.5%
in
87.5%
love
87.5%
love
87.5%
love
87.5%
And
87.5%
I
87.5%
am
87.5%
you
87.5%
The
87.5%
And
87.5%
the
87.5%
And
87.5%
as
87.5%
in
87.5%
love
87.5%
with
87.5%
you
87.5%
as
87.5%
I
87.5%
am
87.5%
as
87.5%
in
87.5%
love
87.5%
with
87.5%
you
87.5%
as
87.5%
I
87.5%
am
87.5%
as
87.5%
in
87.5%
love
87.5%
% Correct
love
87.5%
love
87.5%
And
87.5%
with
87.5%
A
87.5%
I
87.5%
you
87.5%
I
87.5%
And
87.5%
the
87.5%
I
87.5%
As
87.5%
as
87.5%
with
87.5%
as
87.5%
in
87.5%
love
87.5%
with
87.5%
you
87.5%
as
87.5%
I
87.5%
am
87.5%
as
87.5%
in
87.5%
love
87.5%
with
87.5%
you
87.5%
as
87.5%
I
87.5%
am
87.5%
as
87.5%
in
87.5%
love
87.5%
love
87.5%
love
87.5%
It
75%
more
75%
could
75%
Like
75%
would
75%
would
75%
would
75%
that
75%
no
75%
one
75%
Like
75%
Being
75%
Being
75%
Being
75%
I'm
75%
you're
75%
Being
75%
Being
75%
Being
75%
% Correct
Light
62.5%
from
62.5%
shadow
62.5%
is
62.5%
than
62.5%
thought
62.5%
exist
62.5%
move
62.5%
through
62.5%
room
62.5%
breathing
62.5%
was
62.5%
easy
62.5%
someone
62.5%
They
62.5%
They
62.5%
They
62.5%
things
62.5%
else
62.5%
sees
62.5%
end
62.5%
comes
62.5%
too
62.5%
soon
62.5%
of
62.5%
words
62.5%
unspoken
62.5%
silent
62.5%
devotion
62.5%
end
62.5%
is
62.5%
think
62.5%
If
50%
believed
50%
me
50%
everyday
50%
learning
50%
about
50%
dreaming
50%
angels
50%
leaving
50%
without
50%
them
50%
know
50%
know
50%
what
50%
mean
50%
unknown
50%
but
50%
ready
50%
long
50%
me
50%
reflects
37.5%

You're not logged in!

Compare scores with friends on all Sporcle quizzes.
Sign Up with Email
OR
Log In

You Might Also Like...

Show Comments

Extras

Top Quizzes Today


Score Distribution

Your Account Isn't Verified!

In order to create a playlist on Sporcle, you need to verify the email address you used during registration. Go to your Sporcle Settings to finish the process.

Report this User

Report this user for behavior that violates our Community Guidelines.

Details: